Rugby, past and present : (Record no. 89802)
[ view plain ]
| 000 -LEADER | |
|---|---|
| fixed length control field | 00626cam1a220020500 4500 |
| 001 - CONTROL NUMBER | |
| control field | tmp15332178 |
| 003 - CONTROL NUMBER IDENTIFIER | |
| control field | UPRA |
| 005 - DATE AND TIME OF LATEST TRANSACTION | |
| control field | 20190816105433.0 |
| 008 - FIXED-LENGTH DATA ELEMENTS--GENERAL INFORMATION | |
| fixed length control field | 950731s1893 enk eng u |
| 035 ## - SYSTEM CONTROL NUMBER | |
| System control number | (Sirsi) r83248 |
| 035 ## - SYSTEM CONTROL NUMBER | |
| System control number | (UPRA)tmp15332178 |
| 040 ## - CATALOGING SOURCE | |
| Transcribing agency | UPRA |
| 100 1# - MAIN ENTRY--PERSONAL NAME | |
| Personal name | Wait, W. O. |
| Linkage | A43149.1 |
| 245 10 - TITLE STATEMENT | |
| Title | Rugby, past and present : |
| Remainder of title | with an historical account of neighbouring parishes. |
| 260 ## - PUBLICATION, DISTRIBUTION, ETC. | |
| Place of publication, distribution, etc. | Rugby : |
| Name of publisher, distributor, etc. | Albert Frost, |
| Date of publication, distribution, etc. | 1893. |
| 650 #0 - SUBJECT ADDED ENTRY--TOPICAL TERM | |
| Topical term or geographic name entry element | Public schools, Endowed (Great Britain) |
| Linkage | S33119.1 |
| 650 #0 - SUBJECT ADDED ENTRY--TOPICAL TERM | |
| Topical term or geographic name entry element | Rugby school. |
| Linkage | S34133.1 |
| 949 ## - LOCAL PROCESSING INFORMATION (OCLC) | |
| a | LF795 |
| w | lcc |
| i | -115597 |
| m | MAIN |
| t | BOOK |
| l | ON-SHELF |
No items available.